[Event "Nettetal op"]
[Site "Nettetal"]
[Date "2010.07.11"]
[Round "9"]
[White "Anders, Hartmut"]
[Black "Kirchner, Stefan"]
[Result "0-1"]
[WhiteElo "1681"]
[BlackElo "2038"]
[PlyCount "54"]
[EventDate "2010.07.03"]
[EventType "swiss"]
[EventRounds "9"]
[EventCountry "GER"]
[SourceTitle "CBM 137 Extra"]
[Source "ChessBase"]
[SourceDate "2010.09.01"]
[SourceVersion "1"]
[SourceVersionDate "2010.09.01"]
[SourceQuality "1"]

1. d4 Nf6 2. Nf3 d5 3. e3 e6 4. Bd3 Bd6 5. Nbd2 c6 6. 0-0 0-0 7. e4 dxe4 8. Nxe4 Nxe4 9. Bxe4 h6 10. c3 Nd7 11. Be3 Nf6 12. Bd3 Qc7 13. h3 b6 14. Qd2 Nd5 15. Bxh6 gxh6 16. Qxh6 f6 17. Nh4 Qg7 18. Qxg7+ Kxg7 19. Rae1 Nf4 20. Bc4 a5 21. a4 Rh8 22. Nf3 Bd7 23. Rd1 Rag8 24. Ne5 fxe5 25. dxe5 Kf7 26. Rfe1 Rxg2+ 27. Kf1 Rxh3 0-1